[Event "4NCL Division 3 North"]
[Site "Bolton, ENG"]
[Date "2018.01.13"]
[Round "3.82"]
[White "Lintner, Igor"]
[Black "Denisov, Seny D"]
[Result "1-0"]
[WhiteElo "2174"]
[BlackElo "1922"]
[PlyCount "71"]
[EventDate "2018.01.13"]
[WhiteTeam "Castleford Roses"]
[BlackTeam "3Cs 3"]

1. e4 c5 2. Nf3 g6 3. c4 Bg7 4. d4 cxd4 5. Nxd4 Nc6 6. Nc2 Nf6 7. Nc3 O-O 8.
Be2 Qc7 9. Be3 b6 10. f3 Nh5 11. Qd2 Bb7 12. Na3 Be5 13. Nd5 Qd8 14. O-O Bg7
15. Rad1 d6 16. Nb5 Nf6 17. Rc1 Qd7 18. b4 Rfc8 19. c5 bxc5 20. bxc5 a6 21. Nb6
Qd8 22. Na3 dxc5 23. Qxd8+ Rxd8 24. Nxa8 Bxa8 25. Rfd1 Nd7 26. Nc2 Bb7 27. Rb1
Bc8 28. Kf2 Be5 29. f4 Bc7 30. e5 e6 31. Na3 Kf8 32. Nc4 Ke7 33. a3 a5 34. Bf3
Ba6 35. Bxc6 Bxc4 36. Rb7 1-0

[Event "4NCL Division 3 North"]
[Site "Bolton, ENG"]
[Date "2018.01.13"]
[Round "3.91"]
[White "Bramson, Mike"]
[Black "Powell, Lloyd"]
[Result "0-1"]
[WhiteElo "1860"]
[BlackElo "2067"]
[PlyCount "94"]
[EventDate "2018.01.13"]
[WhiteTeam "Bradford DCA Knights C"]
[BlackTeam "Spirit of Atticus B"]

1. e4 c5 2. Nf3 d6 3. Nc3 Nf6 4. Bc4 Nc6 5. d3 e6 6. Bg5 Be7 7. O-O O-O 8. a4
a6 9. Re1 Bd7 10. h3 Re8 11. d4 cxd4 12. Nxd4 Qc7 13. Bb3 Na5 14. Qe2 Qc5 15.
Be3 Qc7 16. Ba2 Rac8 17. Rad1 Nc4 18. Bc1 Qc5 19. Rd3 Ne5 20. Nb3 Qc7 21. Rg3
b5 22. axb5 axb5 23. f4 Ng6 24. Nxb5 Bxb5 25. Qxb5 Qa7+ 26. Be3 Qxa2 27. Bd4
Rb8 28. Qf1 Qa4 29. Ra1 Qb5 30. c4 Qc6 31. f5 Ne5 32. Qf4 Nh5 33. Rxg7+ Nxg7
34. Na5 Qc7 35. f6 Ng6 36. Qh6 Nh5 37. fxe7 e5 38. Bc3 Nhf4 39. Rf1 Rxe7 40. h4
Ne2+ 41. Kh2 Nxc3 42. h5 Re6 43. bxc3 Rb2 44. Qc1 Ra2 45. Nb3 Nf4 46. Rf3 Rxg2+
47. Kh1 Rg5 0-1

[Event "4NCL Division 3 North"]
[Site "Bolton, ENG"]
[Date "2018.01.13"]
[Round "3.93"]
[White "Johnson, Paul A"]
[Black "Buckley, Colm"]
[Result "0-1"]
[WhiteElo "1838"]
[BlackElo "1937"]
[PlyCount "88"]
[EventDate "2018.01.13"]
[WhiteTeam "Bradford DCA Knights C"]
[BlackTeam "Spirit of Atticus B"]

1. d4 d5 2. Bf4 Nf6 3. e3 e6 4. Nd2 c5 5. c3 Nc6 6. Ngf3 Bd6 7. Bg3 O-O 8. Bd3
c4 9. Bc2 Qc7 10. e4 dxe4 11. Nxe4 Nxe4 12. Bxe4 f5 13. Bxd6 Qxd6 14. Bxc6 Qxc6
15. Qe2 b5 16. O-O-O a5 17. Ne5 Qd5 18. f4 Bb7 19. Rhg1 Rac8 20. g4 b4 21. Rd2
a4 22. a3 bxc3 23. bxc3 Qd6 24. Ra2 Be4 25. gxf5 exf5 26. Qe3 Rc7 27. Kd2 Rb8
28. Ke2 Rb3 29. Qg3 Bd3+ 30. Kd2 Be4 31. h4 Qf6 32. h5 Bd5 33. Re1 Rcb7 34. Re2
Rb2+ 35. Ke1 Rb1+ 36. Kf2 Rh1 37. Nf3 Rbb1 38. Re8+ Kf7 39. Re1 Rbxe1 40. Nxe1
Rxh5 41. Ng2 Bxg2 42. Kxg2 Qc6+ 43. Kf2 Qh1 44. Rb2 Rh2+ 0-1

[Event "4NCL Division 3 North"]
[Site "Bolton, ENG"]
[Date "2018.01.13"]
[Round "3.94"]
[White "Johnson, Michael D"]
[Black "Baxter, Harold"]
[Result "1-0"]
[WhiteElo "1994"]
[BlackElo "1823"]
[PlyCount "147"]
[EventDate "2018.01.13"]
[WhiteTeam "Spirit of Atticus B"]
[BlackTeam "Bradford DCA Knights C"]

1. Nf3 Nf6 2. g3 g6 3. Bg2 Bg7 4. O-O O-O 5. d4 d5 6. c4 dxc4 7. Na3 Nc6 8.
Nxc4 Be6 9. b3 Bd5 10. Bb2 a5 11. Re1 a4 12. e3 axb3 13. axb3 Rxa1 14. Bxa1 Qa8
15. Ncd2 Bxf3 16. Bxf3 Nb4 17. Ne4 Nxe4 18. Bxe4 c6 19. Bc3 Nd5 20. Bxd5 cxd5
21. Bb4 Bf6 22. Qa1 Qxa1 23. Rxa1 Rc8 24. Bc5 Kg7 25. Ra5 Rc7 26. Kf1 e6 27.
Rb5 Be7 28. b4 Kf6 29. Ke2 Bxc5 30. bxc5 Ke7 31. Kd3 Kd8 32. f3 Kc8 33. e4 f6
34. Ra5 Kb8 35. Ra2 Rc6 36. exd5 exd5 37. Re2 b6 38. cxb6 Rxb6 39. Re8+ Ka7 40.
Rd8 Rb3+ 41. Ke2 Rb2+ 42. Ke3 Rxh2 43. Rxd5 Kb7 44. Rc5 Rg2 45. g4 Rg1 46. Rc3
h5 47. gxh5 gxh5 48. Rc5 Rg5 49. Rc1 h4 50. Kf4 Rd5 51. Ke4 Rh5 52. d5 h3 53.
d6 Rh7 54. Kf5 h2 55. Rh1 Kc6 56. Ke6 f5 57. Rc1+ Kb7 58. d7 Rh6+ 59. Ke5 Rh8
60. Kxf5 Rh5+ 61. Kg6 Rd5 62. f4 Rxd7 63. f5 Rd3 64. Kf7 Rh3 65. Rh1 Kc7 66. f6
Kd6 67. Kg7 Rg3+ 68. Kf8 Ke6 69. f7 Rh3 70. Ke8 Ra3 71. Re1+ Kd5 72. f8=Q Re3+
73. Rxe3 h1=Q 74. Qf3+ 1-0

[Event "4NCL Division 3 North"]
[Site "Bolton, ENG"]
[Date "2018.01.13"]
[Round "3.95"]
[White "Clarke, Paul Rh"]
[Black "Miles, Richard"]
[Result "1/2-1/2"]
[WhiteElo "1745"]
[BlackElo "1968"]
[PlyCount "73"]
[EventDate "2018.01.13"]
[WhiteTeam "Bradford DCA Knights C"]
[BlackTeam "Spirit of Atticus B"]

1. d4 Nf6 2. Bf4 c5 3. c3 Qb6 4. Qb3 Qxb3 5. axb3 cxd4 6. cxd4 Nc6 7. e3 e6 8.
Nd2 d6 9. Bb5 Nh5 10. Bg3 Nxg3 11. hxg3 d5 12. Ngf3 Bd7 13. O-O Bd6 14. Rfc1 f6
15. Ne1 Ke7 16. Be2 Rhc8 17. Nd3 Nb4 18. Nxb4 Bxb4 19. Nf3 Rxc1+ 20. Rxc1 Rc8
21. Rxc8 Bxc8 22. Bd3 g6 23. Kf1 Bd7 24. Ke2 Kd6 25. Kd1 Kc7 26. Nd2 Kb6 27.
Nb1 Bb5 28. Bxb5 Kxb5 29. Nc3+ Kc6 30. Na2 Bd6 31. Kd2 e5 32. Kd3 exd4 33. exd4
a6 34. g4 h6 35. f3 Bf4 36. Nb4+ Kd6 37. Na2 1/2-1/2

[Event "4NCL Division 3 North"]
[Site "Bolton, ENG"]
[Date "2018.01.13"]
[Round "3.96"]
[White "Cooper, John G"]
[Black "Braham, Peter"]
[Result "1-0"]
[WhiteElo "1930"]
[BlackElo "1737"]
[PlyCount "81"]
[EventDate "2018.01.13"]
[WhiteTeam "Spirit of Atticus B"]
[BlackTeam "Bradford DCA Knights C"]

1. e4 d6 2. d4 Nf6 3. Nc3 e5 4. Nf3 Nbd7 5. Bc4 Be7 6. O-O O-O 7. a4 c6 8. Ba2
h6 9. h3 Nh7 10. Be3 Ng5 11. Nxg5 Bxg5 12. f4 Bf6 13. dxe5 dxe5 14. f5 Bg5 15.
Bf2 a5 16. Qe2 b6 17. Bc4 Be7 18. Rad1 Qc7 19. Kh2 Nf6 20. g4 Bc5 21. Bxc5 bxc5
22. h4 Kh8 23. g5 Ng8 24. Qe3 Ba6 25. Bxa6 Rxa6 26. Qxc5 Re8 27. Rd3 Raa8 28.
Rd6 hxg5 29. hxg5 Rad8 30. Nb5 Qb8 31. Qxc6 Rc8 32. Qd5 f6 33. Qf7 fxg5 34. Rd7
Re7 35. Rxe7 Nxe7 36. Qxe7 Qb6 37. Qxg5 Rxc2+ 38. Kg3 Rxb2 39. Qh5+ Qh6 40.
Qxh6+ gxh6 41. f6 1-0

[Event "4NCL Division 3 North"]
[Site "Bolton, ENG"]
[Date "2018.01.13"]
[Round "3.101"]
[White "Bennion, David"]
[Black "Turner, John M"]
[Result "1-0"]
[WhiteElo "1952"]
[BlackElo "1988"]
[PlyCount "63"]
[EventDate "2018.01.13"]
[WhiteTeam "Shropshire 2"]
[BlackTeam "Holmes Chapel"]

1. e4 d5 2. exd5 Qxd5 3. Nc3 Qd6 4. d4 Nf6 5. Bc4 a6 6. Nge2 b5 7. Bf4 Qd8 8.
Bd3 Bb7 9. Ng3 e6 10. O-O Be7 11. Nh5 Nxh5 12. Qxh5 Nd7 13. Qe2 Nf6 14. Bxb5+
c6 15. Bc4 Qxd4 16. Be5 Qg4 17. f3 Qh5 18. Rad1 O-O 19. g4 Qg5 20. Bxf6 Qxf6
21. Ne4 Qxb2 22. Rd7 Rfe8 23. Kh1 Rad8 24. Qd3 Kf8 25. Nc5 Rxd7 26. Nxd7+ Kg8
27. Qe2 c5 28. Bxe6 Bc8 29. Bxf7+ Kxf7 30. Qc4+ Kg6 31. Qe6+ Kg5 32. Qf5+ 1-0

[Event "4NCL Division 3 North"]
[Site "Bolton, ENG"]
[Date "2018.01.13"]
[Round "3.103"]
[White "Hinchcliffe, Gary"]
[Black "Bennett, Patrick"]
[Result "0-1"]
[WhiteElo "1877"]
[BlackElo "2000"]
[PlyCount "158"]
[EventDate "2018.01.13"]
[WhiteTeam "Shropshire 2"]
[BlackTeam "Holmes Chapel"]

1. d4 Nf6 2. Nf3 g6 3. Bf4 Bg7 4. e3 d6 5. h3 Nbd7 6. Be2 O-O 7. O-O c5 8. c3
b6 9. Nbd2 Bb7 10. a4 a6 11. b4 Nd5 12. Qb3 Nxf4 13. exf4 cxd4 14. Nxd4 Bh6 15.
Bf3 Bxf3 16. N2xf3 Bxf4 17. Nc6 Qe8 18. Rfe1 e6 19. Qc4 Bh6 20. Rad1 d5 21. Qh4
Nf6 22. Nfd4 Bg7 23. Rd3 Rc8 24. b5 axb5 25. axb5 Rc7 26. Qf4 Qd7 27. g4 Ne4
28. h4 Ra8 29. g5 Nd6 30. Rf3 Nxb5 31. h5 Nxd4 32. Nxd4 e5 33. Rxe5 Bxe5 34.
Qxe5 Re8 35. Qf6 Qg4+ 36. Kh2 Qxh5+ 37. Rh3 Qg4 38. Nb5 Rd7 39. Nd4 Re4 40. f3
Qf4+ 41. Qxf4 Rxf4 42. Kg3 Rxd4 43. cxd4 Kg7 44. Rh1 b5 45. Rb1 Rb7 46. Rb3 f6
47. f4 b4 48. Kf3 h5 49. gxh6+ Kxh6 50. Kg4 Kg7 51. Kf3 Kf7 52. Kg3 Ke6 53. Kg4
Kd7 54. f5 g5 55. Kh5 Kc7 56. Kg6 Rb6 57. Kf7 Kb7 58. Ke7 Ka6 59. Kd7 Kb5 60.
Kc7 Rc6+ 61. Kd7 Rc3 62. Rb1 Kc4 63. Ke6 b3 64. Kxf6 g4 65. Ke5 Re3+ 66. Kf4
Re4+ 67. Kg3 Kc3 68. f6 Re8 69. Kxg4 Kc2 70. Rh1 b2 71. Kf5 b1=Q 72. Rxb1 Kxb1
73. f7 Re1 74. f8=Q Rf1+ 75. Ke5 Rxf8 76. Kxd5 Rd8+ 77. Kc5 Kc2 78. d5 Kd3 79.
Kc6 Ke4 0-1

[Event "4NCL Division 3 North"]
[Site "Bolton, ENG"]
[Date "2018.01.13"]
[Round "3.105"]
[White "Ross, Stuart"]
[Black "Pearson, Raymond"]
[Result "0-1"]
[WhiteElo "1667"]
[BlackElo "1888"]
[PlyCount "82"]
[EventDate "2018.01.13"]
[WhiteTeam "Shropshire 2"]
[BlackTeam "Holmes Chapel"]

1. d4 Nf6 2. c4 g6 3. Nc3 Bg7 4. e4 O-O 5. Nf3 d6 6. Be2 e5 7. O-O Nc6 8. d5
Ne7 9. b4 a5 10. b5 b6 11. Re1 h6 12. Nd2 Nd7 13. Bg4 f5 14. exf5 gxf5 15. Bh3
Nf6 16. Nf1 Ng6 17. Qc2 Nh4 18. Ng3 Nh7 19. Nh5 Ng5 20. Bxg5 hxg5 21. Nxg7 Kxg7
22. g3 Nf3+ 23. Kh1 Nxe1 24. Rxe1 Qf6 25. Bg2 Rh8 26. h3 Bd7 27. Ne2 f4 28. Ng1
Rh6 29. Qe2 Rah8 30. g4 Rh4 31. Bf3 Rxh3+ 32. Nxh3 Rxh3+ 33. Kg1 Qh6 34. Qe4
Qh4 35. Bg2 Qxg4 36. f3 Qg3 37. Rf1 Rh2 38. Rf2 Kf6 39. Kf1 Bf5 40. Qe2 Rxg2
41. Rxg2 Bh3 0-1

[Event "4NCL Division 3 North"]
[Site "Bolton, ENG"]
[Date "2018.01.13"]
[Round "3.106"]
[White "Roberts, Malcolm A"]
[Black "Peck, Windsor W A"]
[Result "1/2-1/2"]
[WhiteElo "1618"]
[BlackElo "1577"]
[PlyCount "107"]
[EventDate "2018.01.13"]
[WhiteTeam "Holmes Chapel"]
[BlackTeam "Shropshire 2"]

1. e4 e6 2. Nf3 d5 3. exd5 exd5 4. d4 Bd6 5. Bd3 Nf6 6. h3 c6 7. O-O O-O 8. Nc3
Nbd7 9. Re1 Qc7 10. Bd2 b6 11. a3 Bb7 12. b4 Rae8 13. Be3 Ne4 14. Na4 f5 15. c4
Qb8 16. c5 Bc7 17. Qc2 b5 18. Nc3 a5 19. Rac1 a4 20. Nxd5 Ndxc5 21. Nxc7 Nxd3
22. Qxd3 Qxc7 23. Nd2 Qe7 24. Nxe4 Qxe4 25. Qxe4 Rxe4 26. f3 Re6 27. Bf4 Rfe8
28. Be5 Kf7 29. Kf2 Rd8 30. f4 g6 31. g4 Ree8 32. g5 Rd5 33. Re3 Re6 34. h4 Re8
35. Rh3 Rd7 36. h5 Ke6 37. hxg6 hxg6 38. Rh6 Rg8 39. Rc3 Kd5 40. Rc5+ Ke6 41.
Ke3 Ba8 42. Rc2 Kd5 43. Kd3 Ke6 44. Rch2 Bb7 45. Rh8 Rdd8 46. R8h7 Bc8 47. Re2
Rd7 48. Bf6+ Kd5 49. Re5+ Kd6 50. Ree7 Rxe7 51. Rxe7 Be6 52. Rh7 Bc4+ 53. Ke3
Ba2 54. Be5+ 1/2-1/2

[Event "4NCL Division 3 North"]
[Site "Bolton, ENG"]
[Date "2018.01.13"]
[Round "3.11"]
[White "Thorarinsson, Pall A"]
[Black "Gardiner, Eric D"]
[Result "1-0"]
[WhiteElo "2275"]
[BlackElo "1977"]
[PlyCount "73"]
[EventDate "2018.01.13"]
[WhiteTeam "Gonzaga"]
[BlackTeam "Bradford DCA Knights B"]

1. Nf3 d6 2. d4 Bg4 3. c4 Bxf3 4. exf3 c6 5. Nc3 Nf6 6. d5 Nbd7 7. dxc6 bxc6 8.
Be2 g6 9. f4 Bg7 10. O-O O-O 11. Bf3 Qc7 12. Rb1 Nb6 13. b3 d5 14. c5 Nbd7 15.
Na4 e5 16. g3 Ne4 17. fxe5 Ndxc5 18. Nxc5 Nxc5 19. Ba3 Qa5 20. Bxc5 Qxc5 21.
Rc1 Qb6 22. Qc2 Rac8 23. Bg4 Rc7 24. e6 f5 25. Bf3 Bh6 26. Rce1 Re7 27. Re2
Rfe8 28. Rfe1 Qc7 29. b4 Qd6 30. b5 c5 31. Qd3 d4 32. Bc6 Rd8 33. Re5 c4 34.
Qxc4 d3 35. Rd5 d2 36. Rd1 Qc7 37. f4 1-0

[Event "4NCL Division 3 North"]
[Site "Bolton, ENG"]
[Date "2018.01.13"]
[Round "3.24"]
[White "Trueman, Glenn"]
[Black "Adams, Philip"]
[Result "1/2-1/2"]
[WhiteElo "1937"]
[BlackElo "2117"]
[PlyCount "37"]
[EventDate "2018.01.13"]
[WhiteTeam "Manchester Manticores 2"]
[BlackTeam "3Cs 2"]

1. d4 Nf6 2. Nf3 g6 3. c4 Bg7 4. e3 O-O 5. Be2 c5 6. d5 e6 7. Nc3 exd5 8. cxd5
d6 9. O-O a6 10. a4 Bg4 11. Nd2 Bxe2 12. Qxe2 Nbd7 13. Nc4 Nb6 14. Nxb6 Qxb6
15. a5 Qc7 16. e4 Rfe8 17. Qc4 Rab8 18. Bf4 Nh5 19. Bd2 1/2-1/2

[Event "4NCL Division 3 North"]
[Site "Bolton, ENG"]
[Date "2018.01.13"]
[Round "3.25"]
[White "Burton, Graham P"]
[Black "Collins, Richard A"]
[Result "1/2-1/2"]
[WhiteElo "2095"]
[BlackElo "1937"]
[PlyCount "44"]
[EventDate "2018.01.13"]
[WhiteTeam "3Cs 2"]
[BlackTeam "Manchester Manticores 2"]

1. e4 c6 2. c4 d5 3. cxd5 cxd5 4. exd5 Nf6 5. Nc3 Nxd5 6. Nf3 Nc6 7. Bb5 Nxc3
8. bxc3 Bd7 9. O-O e6 10. d4 a6 11. Bd3 Qc7 12. Re1 Be7 13. Ng5 Bxg5 14. Bxg5
Ne7 15. Bxe7 Kxe7 16. Qf3 h5 17. d5 Rh6 18. Rab1 Rb8 19. Bf5 Rf6 20. dxe6 fxe6
21. Qxh5 Qc5 22. Bg4 Qxf2+ 1/2-1/2

[Event "4NCL Division 3 North"]
[Site "Bolton, ENG"]
[Date "2018.01.13"]
[Round "3.26"]
[White "Jaques, Andrew"]
[Black "Hazlehurst, Cory S"]
[Result "0-1"]
[WhiteElo "1967"]
[BlackElo "2065"]
[PlyCount "60"]
[EventDate "2018.01.13"]
[WhiteTeam "Manchester Manticores 2"]
[BlackTeam "3Cs 2"]

1. e4 c6 2. Nc3 d5 3. d4 dxe4 4. Bc4 Nf6 5. f3 b5 6. Bb3 e6 7. Bg5 Be7 8. fxe4
b4 9. e5 bxc3 10. exf6 Bxf6 11. Bxf6 Qxf6 12. bxc3 Qh4+ 13. Kf1 Ba6+ 14. c4 O-O
15. Nf3 Qf6 16. Qe1 Rd8 17. Rd1 Rd5 18. Kg1 Rf5 19. d5 cxd5 20. cxd5 e5 21. h3
Nd7 22. Kh2 Nc5 23. Qe3 Qd6 24. g3 Rc8 25. Rd2 e4 26. Nd4 Rf6 27. c4 Nd3 28.
Nb5 Bxb5 29. cxb5 Rf3 30. Qd4 Qxg3# 0-1

[Event "4NCL Division 3 North"]
[Site "Bolton, ENG"]
[Date "2018.01.13"]
[Round "3.52"]
[White "Hodge, Steve R"]
[Black "Eagleton, Greg T"]
[Result "0-1"]
[WhiteElo "2027"]
[BlackElo "2063"]
[PlyCount "54"]
[EventDate "2018.01.13"]
[WhiteTeam "Jorvik"]
[BlackTeam "Bradford DCA Knights A"]

1. e4 c5 2. Nc3 e6 3. Nge2 Nc6 4. g3 a6 5. Bg2 Nf6 6. O-O Be7 7. d3 O-O 8. f4
d5 9. h3 b5 10. e5 Ne8 11. Nb1 Bb7 12. Nd2 f6 13. Nf3 Qc7 14. d4 cxd4 15. exf6
Nxf6 16. Nexd4 Nxd4 17. Nxd4 Bc5 18. Be3 Rae8 19. Bf2 e5 20. fxe5 Rxe5 21. Nb3
Bxf2+ 22. Rxf2 Rfe8 23. Nd4 Qc5 24. c3 Ne4 25. Rf3 b4 26. cxb4 Qxb4 27. Qb3
Qxd4+ 0-1

[Event "4NCL Division 3 North"]
[Site "Bolton, ENG"]
[Date "2018.01.13"]
[Round "3.63"]
[White "Raghavendra, Mahima"]
[Black "Kelly, John C"]
[Result "1/2-1/2"]
[WhiteElo "1810"]
[BlackElo "1857"]
[PlyCount "51"]
[EventDate "2018.01.13"]
[WhiteTeam "Manchester Manticores 4"]
[BlackTeam "Enniscorthy"]

1. e4 g6 2. d4 Bg7 3. g3 d6 4. Bg2 c5 5. c3 cxd4 6. cxd4 Nc6 7. d5 Ne5 8. f4
Nd7 9. Nc3 h5 10. Nf3 Nh6 11. Be3 O-O 12. Bd4 Bxd4 13. Qxd4 Qb6 14. Qxb6 Nxb6
15. O-O Bd7 16. Rfe1 Rac8 17. Rac1 Rc5 18. Nd4 Rfc8 19. Nce2 Ng4 20. b4 Rc4 21.
Rxc4 Rxc4 22. a3 Ne3 23. Bf3 Nc2 24. Nxc2 Rxc2 25. Ra1 Kf8 26. Kf2 1/2-1/2

[Event "4NCL Division 3 North"]
[Site "Bolton, ENG"]
[Date "2018.01.13"]
[Round "3.65"]
[White "Lonsdale, Jon I"]
[Black "Copeland, Dean"]
[Result "1-0"]
[WhiteElo "1832"]
[BlackElo "1669"]
[PlyCount "71"]
[EventDate "2018.01.13"]
[WhiteTeam "Manchester Manticores 4"]
[BlackTeam "Enniscorthy"]

1. e4 c5 2. c3 d5 3. exd5 Qxd5 4. d4 Nf6 5. Nf3 e6 6. Be3 Nc6 7. Be2 cxd4 8.
cxd4 Be7 9. O-O O-O 10. Nc3 Qd7 11. a3 a6 12. Rc1 Rd8 13. Qc2 b5 14. Nxb5 axb5
15. Qxc6 Qxc6 16. Rxc6 b4 17. axb4 Bxb4 18. Ne5 Rb8 19. Rfc1 Nd5 20. R6c2 Nxe3
21. fxe3 Bb7 22. Bf3 Rdc8 23. Bxb7 Rxc2 24. Rxc2 Rxb7 25. Rc8+ Bf8 26. Kf1 f6
27. Nd3 Kf7 28. Ke2 Bd6 29. h3 Bc7 30. Kd2 Ke7 31. Kc3 Ba5+ 32. b4 Bb6 33. Kc4
Kd6 34. Nc5 Rc7 35. Re8 e5 36. Re6# 1-0

[Event "4NCL Division 3 North"]
[Site "Bolton, ENG"]
[Date "2018.01.13"]
[Round "3.84"]
[White "Lancaric, Tomas"]
[Black "Denisov, Denis"]
[Result "0-1"]
[WhiteElo "1885"]
[BlackElo "1750"]
[PlyCount "66"]
[EventDate "2018.01.13"]
[WhiteTeam "Castleford Roses"]
[BlackTeam "3Cs 3"]

1. d4 Nf6 2. c4 e6 3. Nc3 Bb4 4. Nf3 b6 5. a3 Bxc3+ 6. bxc3 Ba6 7. e3 Nc6 8.
Bd3 Na5 9. Qe2 d5 10. Ne5 Nd7 11. cxd5 Bxd3 12. Nxd3 exd5 13. Nb4 Nf6 14. O-O
O-O 15. Bb2 Nc4 16. Rad1 a5 17. Nd3 Qd6 18. a4 Rae8 19. Rfe1 Re4 20. Ne5 Re8
21. Nxc4 dxc4 22. Qxc4 Rh4 23. g3 Ng4 24. d5 h5 25. Rd4 Rh3 26. Rf4 g5 27. Rxg4
hxg4 28. Qxg4 Qh6 29. Qd7 Rf8 30. Ba3 Ra8 31. Qxc7 Rxh2 32. Kf1 Qf6 33. f4 Qf5
0-1

[Event "4NCL Division 3 North"]
[Site "Bolton, ENG"]
[Date "2018.01.13"]
[Round "3.85"]
[White "Moorcroft, Karl"]
[Black "Poliakova, Emma"]
[Result "0-1"]
[WhiteElo "1645"]
[BlackElo "1944"]
[PlyCount "49"]
[EventDate "2018.01.13"]
[WhiteTeam "3Cs 3"]
[BlackTeam "Castleford Roses"]

1. d4 d5 2. c4 e6 3. Nc3 Nf6 4. Bg5 Be7 5. e3 c6 6. Nf3 Nbd7 7. Rc1 O-O 8. Be2
dxc4 9. Bxc4 b5 10. Be2 Bb7 11. O-O a6 12. Nd2 Rc8 13. Bxf6 Nxf6 14. Bf3 Ba8
15. Nb3 Nd5 16. Nc5 a5 17. N3e4 Qe8 18. Qe2 f5 19. Nc3 Bd6 20. e4 Nf4 21. Qe3
Qg6 22. e5 Bxc5 23. Qxf4 Be7 24. Qg3 Qf7 25. Bh5 0-1

[Event "4NCL Division 3 North"]
[Site "Bolton, ENG"]
[Date "2018.01.13"]
[Round "3.86"]
[White "Kluckova, Alzbeta"]
[Black "Smith, Len"]
[Result "1/2-1/2"]
[WhiteElo "1198"]
[BlackElo "1705"]
[PlyCount "64"]
[EventDate "2018.01.13"]
[WhiteTeam "Castleford Roses"]
[BlackTeam "3Cs 3"]

1. e4 g6 2. Nf3 Bg7 3. d4 d6 4. Bc4 Bg4 5. Nbd2 Nf6 6. h3 Bd7 7. O-O O-O 8. e5
Ne8 9. Ng5 dxe5 10. dxe5 Bxe5 11. Ndf3 Bf6 12. Bxf7+ Rxf7 13. Nxf7 Kxf7 14. Qd2
Nd6 15. Re1 Nc6 16. Ng5+ Bxg5 17. Qxg5 e5 18. Qh6 Qh8 19. Bd2 Nd4 20. Rac1 N6f5
21. Qg5 Re8 22. h4 h6 23. Qg4 Re7 24. Qh3 Qf6 25. c3 Nxh4 26. Qd3 Ndf3+ 27.
gxf3 Qxf3 28. Qc4+ Be6 29. Qxh4 Bd5 30. Kf1 Qg2+ 31. Ke2 Qf3+ 32. Kf1 Qg2+
1/2-1/2

[Event "4NCL Division 3 North"]
[Site "Bolton, ENG"]
[Date "2018.01.13"]
[Round "3.92"]
[White "Bimpson, Tom"]
[Black "Dean, Robert A"]
[Result "0-1"]
[WhiteElo "2026"]
[BlackElo "1851"]
[PlyCount "54"]
[EventDate "2018.01.13"]
[WhiteTeam "Spirit of Atticus B"]
[BlackTeam "Bradford DCA Knights C"]

1. d4 d5 2. Bf4 Nf6 3. e3 g6 4. h4 Bg7 5. Bd3 c5 6. c3 cxd4 7. exd4 Nc6 8. Nf3
O-O 9. Nbd2 Re8 10. O-O Bg4 11. Qb3 Na5 12. Qc2 Rc8 13. Ne5 a6 14. b4 Nc6 15.
Nxc6 Rxc6 16. Be5 Qc8 17. Rac1 Nh5 18. Bxg7 Kxg7 19. Rfe1 Nf4 20. Bf1 Bf5 21.
Qb3 Bd3 22. Re3 Bxf1 23. Nxf1 Qg4 24. Ng3 Qxh4 25. Qd1 Rf6 26. Re5 e6 27. Rc2
g5 0-1

[Event "4NCL Division 3 North"]
[Site "Bolton, ENG"]
[Date "2018.01.13"]
[Round "3.102"]
[White "Doran, Chris"]
[Black "Lewis, Christopher D"]
[Result "1/2-1/2"]
[WhiteElo "1979"]
[BlackElo "1907"]
[PlyCount "38"]
[EventDate "2018.01.13"]
[WhiteTeam "Holmes Chapel"]
[BlackTeam "Shropshire 2"]

1. e4 c6 2. d4 d5 3. e5 c5 4. c4 cxd4 5. Qxd4 Nc6 6. Qxd5 Qxd5 7. cxd5 Nxe5 8.
Be3 Nf6 9. Nc3 a6 10. O-O-O g6 11. Be2 Ned7 12. Nf3 Bg7 13. h3 O-O 14. d6 Re8
15. dxe7 Rxe7 16. Rd2 b5 17. Rhd1 Bb7 18. a3 Rc8 19. Kb1 Nf8 1/2-1/2

[Event "4NCL Division 3 North"]
[Site "Bolton, ENG"]
[Date "2018.01.13"]
[Round "3.104"]
[White "Samuel Lares, Jairo"]
[Black "Tarr, Steve F"]
[Result "1-0"]
[WhiteElo "2022"]
[BlackElo "1802"]
[PlyCount "69"]
[EventDate "2018.01.13"]
[WhiteTeam "Holmes Chapel"]
[BlackTeam "Shropshire 2"]

1. d4 d5 2. Nc3 c6 3. Bf4 Nf6 4. e3 Bf5 5. f3 e6 6. g4 Bg6 7. h4 h5 8. g5 Ng8
9. Bd3 Ne7 10. Nge2 Nd7 11. e4 b5 12. Qd2 Nb6 13. Ng3 Nc4 14. Bxc4 dxc4 15. O-O
Nc8 16. Be5 f6 17. Bf4 Bd6 18. Nce2 Ne7 19. Kg2 e5 20. gxf6 gxf6 21. Be3 exd4
22. Nxd4 Bxg3 23. Kxg3 Qd7 24. Ne2 Qxd2 25. Bxd2 Rd8 26. Bc3 Rg8 27. Kf2 f5 28.
Ke3 fxe4 29. fxe4 Rd6 30. Nf4 Bf7 31. Rf3 Ng6 32. e5 Rd8 33. e6 Nxf4 34. exf7+
Kxf7 35. Rxf4+ 1-0

[Event "4NCL Division 4 South"]
[Site "Reading, ENG"]
[Date "2017.11.11"]
[Round "1.132"]
[White "Froom, Oliver"]
[Black "Carter, Gavin"]
[Result "1-0"]
[WhiteElo "1945"]
[BlackElo "1277"]
[PlyCount "83"]
[EventDate "2017.11.11"]
[WhiteTeam "The Pitstop"]
[BlackTeam "Barnet Knights 4"]

1. e4 d6 2. d4 c5 3. c3 b6 4. Bd3 Ba6 5. Bxa6 Nxa6 6. Qa4+ Qd7 7. Qxa6 Nf6 8.
f3 g6 9. a4 Bg7 10. Qb5 O-O 11. Qxd7 Nxd7 12. Be3 Rfe8 13. Ne2 e5 14. dxc5 bxc5
15. Na3 a6 16. O-O-O Re6 17. Nc4 Bf8 18. Rd2 f5 19. Rhd1 fxe4 20. Nxd6 exf3 21.
gxf3 Rb8 22. a5 Be7 23. Ne4 Nf8 24. Bxc5 Rb5 25. Bxe7 Rxe7 26. b4 Reb7 27. Nc5
Ra7 28. Rd6 Rc7 29. R1d3 e4 30. Nxe4 Nd7 31. Rxd7 Rxd7 32. Rxd7 Rf5 33. Kc2
Rxf3 34. Kd2 h5 35. b5 axb5 36. a6 b4 37. a7 bxc3+ 38. N2xc3 Rf1 39. Nd5 Ra1
40. Ndf6+ Kf8 41. Ng5 Rxa7 42. Ne6# 1-0